[Event "SC Rochade Emsdetten 2 - SK Gescher 1"]
[Site "Verbandsliga 2019/2020"]
[Date "2019.09.28"]
[Round "2.5"]
[White "Priebs, Ludger"]
[Black "Hemmers, Dieter"]
[Result "1/2-1/2"]
[WhiteElo "1758"]
[BlackElo "1773"]
[PlyCount "33"]
[EventDate "2019.??.??"]
[SourceDate "2019.09.14"]

1. d4 Nf6 2. c4 g6 3. Nc3 d5 4. cxd5 Nxd5 5. e3 Bg7 6. Qb3 Nxc3 7. bxc3 O-O 8.
Be2 c5 9. Nf3 cxd4 10. cxd4 Nc6 11. O-O Qc7 12. Ba3 Rd8 13. Rac1 Be6 14. Bc4
Bxc4 15. Qxc4 Qd7 16. Ng5 Qd5 17. Qxd5 1/2-1/2

[Event "SC Rochade Emsdetten 2 - SK Gescher 1"]
[Site "Verbandsliga 2019/2020"]
[Date "2019.09.28"]
[Round "2.6"]
[White "Schulte, Ralf"]
[Black "Iking, Bernhard"]
[Result "1/2-1/2"]
[WhiteElo "1779"]
[BlackElo "1748"]
[PlyCount "172"]
[EventDate "2019.??.??"]
[SourceDate "2019.09.14"]

1. d4 d5 2. Nf3 g6 3. Bf4 Bg7 4. e3 Nf6 5. h3 O-O 6. c4 c6 7. Nc3 Re8 8. Be2
dxc4 9. Bxc4 Nd5 10. Qb3 e6 11. Bg3 Nd7 12. Ne4 Qa5+ 13. Ned2 e5 14. dxe5 Nxe5
15. Nxe5 Bxe5 16. Bxe5 Rxe5 17. Rd1 b5 18. Be2 Be6 19. Qc2 Rc8 20. O-O Qb6 21.
Rfe1 Rxe3 22. Nf3 Bf5 23. Qd2 Re7 24. Nd4 Be6 25. Qg5 f6 26. Qc1 Bd7 27. Nb3
Rce8 28. Kf1 a5 29. Nc5 Bc8 30. Bf3 Rxe1+ 31. Rxe1 Rxe1+ 32. Kxe1 Nb4 33. Kf1
Qc7 34. a3 Nd5 35. Nb3 Ne7 36. Qc3 b4 37. axb4 axb4 38. Qxf6 Nd5 39. Qd4 Qd6
40. Nc5 Bf5 41. Nb7 Qd7 42. Nc5 Qd6 43. Na6 Qd7 44. Nxb4 Nxb4 45. Qxb4 Bd3+ 46.
Kg1 Bb5 47. Qc3 Qd6 48. Qe3 Qd7 49. Qe5 Qg7 50. Qe8+ Qf8 51. Qe6+ Qf7 52. Bg4
Qxe6 53. Bxe6+ Kg7 54. Bd7 Kf6 55. f4 Ke7 56. Bg4 c5 57. Kf2 Bc4 58. Ke3 Kd6
59. Be2 Bd5 60. g4 Ke6 61. Bd3 Kf6 62. h4 Ke6 63. f5+ Kf6 64. Kf4 gxf5 65. Bxf5
h6 66. Bc8 Bc6 67. Bf5 Bd5 68. g5+ hxg5+ 69. hxg5+ Kg7 70. Ke5 Bf3 71. Bd3 Bg2
72. Be4 Bf1 73. Kd5 c4 74. Kd4 Be2 75. Ke3 Bf1 76. Kf2 Bh3 77. Bd5 Kg6 78. Kg3
Bf1 79. Kf4 Be2 80. Be4+ Kg7 81. Kf5 Bd3 82. Kf4 Be2 83. Ke5 Bf1 84. Kd4 Be2
85. Kc3 Bf1 86. b4 cxb3 1/2-1/2

[Event "SC Rochade Emsdetten 2 - SK Gescher 1"]
[Site "Verbandsliga 2019/2020"]
[Date "2019.09.28"]
[Round "2.7"]
[White "Frieske, Hilmar"]
[Black "Fehlings, Gerd"]
[Result "1-0"]
[WhiteElo "1728"]
[BlackElo "1729"]
[PlyCount "41"]
[EventDate "2019.??.??"]
[SourceDate "2019.09.14"]

1. e4 d5 2. exd5 Qxd5 3. Nc3 Qd6 4. d4 Nf6 5. Be2 a6 6. Bf3 Nc6 7. Be3 Bf5 8.
a3 O-O-O 9. Nge2 e5 10. Ng3 Bxc2 11. Qxc2 exd4 12. Qf5+ Kb8 13. Bf4 Re8+ 14.
Nce2 Qe6 15. Bxc6 Qxc6 16. Rc1 Qxg2 17. Rxc7 Ka8 18. Rc8+ Rxc8 19. Qxc8+ Ka7
20. Bb8+ Kb6 21. Bc7+ 1-0

[Event "SC Rochade Emsdetten 2 - SK Gescher 1"]
[Site "Verbandsliga 2019/2020"]
[Date "2019.09.28"]
[Round "2.8"]
[White "Hedwig, Johannes"]
[Black "Robers, Frank"]
[Result "0-1"]
[WhiteElo "1768"]
[BlackElo "1644"]
[PlyCount "112"]
[EventDate "2019.??.??"]
[SourceDate "2019.09.14"]

1. e4 c5 2. Nf3 g6 3. g3 Bg7 4. Bg2 d6 5. O-O Nf6 6. Re1 O-O 7. c3 Bd7 8. d4
cxd4 9. cxd4 Nc6 10. Nc3 Rc8 11. h3 Na5 12. e5 Ne8 13. Bf4 e6 14. exd6 Nc4 15.
Ne4 Bc6 16. Ne5 Bxe4 17. Bxe4 Nexd6 18. Nxc4 Rxc4 19. Bxd6 Qxd6 20. Bxb7 Bxd4
21. Re2 Qxg3+ 22. Bg2 Rd8 23. Qxd4 Qxg2+ 24. Kxg2 Rcxd4 25. Rae1 Kf8 26. Kg3
R8d5 27. Re3 a5 28. R1e2 Ke7 29. Rb3 Rd3+ 30. Re3 Rxe3+ 31. Rxe3 Rb5 32. Re2 f5
33. Rc2 Kf6 34. Kf3 g5 35. b3 h5 36. Kg3 Rb4 37. Rc5 a4 38. bxa4 Rxa4 39. Rc2
Ra3+ 40. Kg2 h4 41. Re2 e5 42. Rb2 e4 43. Rc2 Ke5 44. Rb2 Kf4 45. Re2 g4 46.
hxg4 Kxg4 47. Rb2 f4 48. Kh2 Kf3 49. Kg1 e3 50. fxe3 fxe3 51. Kf1 Rc3 52. Rb1
h3 53. Kg1 e2 54. a4 h2+ 55. Kxh2 Kf2 56. Rb2 Kf1 0-1

[Event "SV Ibbenbüren 1 - SF Olfen 1"]
[Site "Verbandsliga 2019/2020"]
[Date "2019.09.28"]
[Round "2.1"]
[White "Koke, Christoph"]
[Black "Voskuhl, Jens"]
[Result "1-0"]
[WhiteElo "2109"]
[BlackElo "1901"]
[PlyCount "35"]
[EventDate "2019.??.??"]
[SourceDate "2019.09.14"]

1. d4 Nf6 2. c4 e6 3. Nc3 d5 4. cxd5 exd5 5. Bg5 Be7 6. e3 O-O 7. Bd3 h6 8. Bh4
b6 9. Nge2 c5 10. Bxf6 Bxf6 11. dxc5 bxc5 12. Nxd5 Bxb2 13. Rb1 Qa5+ 14. Qd2
Qxd2+ 15. Kxd2 Be5 16. Ne7+ Kh8 17. Be4 Rd8+ 18. Ke1 1-0

[Event "SV Ibbenbüren 1 - SF Olfen 1"]
[Site "Verbandsliga 2019/2020"]
[Date "2019.09.28"]
[Round "2.2"]
[White "Welp, Michael"]
[Black "Boesel, Alexander"]
[Result "0-1"]
[WhiteElo "1887"]
[BlackElo "2068"]
[PlyCount "68"]
[EventDate "2019.??.??"]
[SourceDate "2019.09.14"]

1. e4 c5 2. Nf3 d6 3. d4 cxd4 4. Nxd4 Nf6 5. Nc3 a6 6. Be2 e5 7. Nb3 Be7 8. Be3
Be6 9. Qd2 O-O 10. O-O-O a5 11. Kb1 a4 12. Nc1 Na6 13. f3 Nc7 14. g4 d5 15.
exd5 Nfxd5 16. Nxd5 Nxd5 17. Bc4 Ra5 18. Bxd5 Rxd5 19. Qe2 Qc7 20. Rxd5 Bxd5
21. Rd1 Qc6 22. Rf1 Rc8 23. Nd3 f6 24. Bc1 a3 25. b3 Bd6 26. c4 Bf7 27. Be3 e4
28. Nf4 Re8 29. Nd5 exf3 30. Qxf3 Bg6+ 31. Kc1 Be4 32. Nxf6+ gxf6 33. Qxf6 Be5
34. Qg5+ Bg6 0-1

[Event "SV Ibbenbüren 1 - SF Olfen 1"]
[Site "Verbandsliga 2019/2020"]
[Date "2019.09.28"]
[Round "2.3"]
[White "Beutelhoff, Josef"]
[Black "Kellmann, Dominik"]
[Result "1/2-1/2"]
[WhiteElo "1941"]
[BlackElo "1755"]
[PlyCount "43"]
[EventDate "2019.??.??"]
[SourceDate "2019.09.14"]

1. d4 Nf6 2. c4 e6 3. Nc3 Bb4 4. Qc2 b6 5. a3 Bxc3+ 6. Qxc3 Ne4 7. Qc2 Bb7 8.
Nf3 d5 9. e3 O-O 10. Be2 Nd7 11. O-O Rc8 12. b4 c5 13. dxc5 dxc4 14. Bxc4 Ng5
15. Nxg5 Qxg5 16. f3 bxc5 17. b5 Qe5 18. Qb2 Rfd8 19. Rd1 Qh5 20. Qc3 Nb6 21.
Bb2 Qg5 22. e4 1/2-1/2

[Event "SV Ibbenbüren 1 - SF Olfen 1"]
[Site "Verbandsliga 2019/2020"]
[Date "2019.09.28"]
[Round "2.4"]
[White "Werremeyer, Achim"]
[Black "Stroessner, Lena"]
[Result "0-1"]
[WhiteElo "1712"]
[BlackElo "1924"]
[PlyCount "66"]
[EventDate "2019.??.??"]
[SourceDate "2019.09.14"]

1. Nf3 d5 2. d4 e6 3. c4 c6 4. Nc3 dxc4 5. a4 Bb4 6. e3 b5 7. Bd2 a5 8. Be2 Bb7
9. O-O Bxc3 10. bxc3 Nd7 11. Rb1 Ba6 12. e4 Ngf6 13. Qc2 h6 14. d5 Nc5 15. dxe6
Nxe6 16. Rfd1 Qc7 17. Bf1 O-O 18. Be3 Rfe8 19. g3 Ng4 20. Bc1 Nc5 21. Bf4 Qa7
22. Nd4 Nxa4 23. h3 Nf6 24. Nxc6 Qc5 25. Nxa5 Nxe4 26. Be3 Qc7 27. Nxc4 bxc4
28. Qxa4 Nxc3 29. Rd7 Qc8 30. Qc2 Nxb1 31. Qf5 Rf8 32. Bc5 Bb5 33. Qxb1 Qxd7
0-1

[Event "SV Ibbenbüren 1 - SF Olfen 1"]
[Site "Verbandsliga 2019/2020"]
[Date "2019.09.28"]
[Round "2.5"]
[White "Pinno, Gregor"]
[Black "Sivakumaran, Methunraj"]
[Result "1-0"]
[WhiteElo "1838"]
[BlackElo "1631"]
[PlyCount "65"]
[EventDate "2019.??.??"]
[SourceDate "2019.09.14"]

1. Nf3 Nf6 2. g3 d5 3. Bg2 Bf5 4. O-O e6 5. d3 Bd6 6. Nbd2 h6 7. Re1 e5 8. e4
dxe4 9. dxe4 Bh7 10. Nh4 O-O 11. Nf1 Nc6 12. c3 Bc5 13. Qe2 Re8 14. h3 Qd7 15.
g4 Ne7 16. Nf5 Bxf5 17. gxf5 Rad8 18. Qf3 Qd3 19. Ne3 Qb5 20. Kh2 Rd3 21. Bf1
Red8 22. Qg2 Qc6 23. Bxd3 Rxd3 24. f3 Nh5 25. Ng4 Qb6 26. Nxh6+ Kh7 27. Nxf7
Qf6 28. Ng5+ Kh8 29. Ne6 Bb6 30. Bg5 Qf7 31. Rad1 Rxd1 32. Rxd1 Nf4 33. Bxf4
1-0

[Event "SV Ibbenbüren 1 - SF Olfen 1"]
[Site "Verbandsliga 2019/2020"]
[Date "2019.09.28"]
[Round "2.6"]
[White "Bloem, Markus"]
[Black "Preuss, Richard"]
[Result "0-1"]
[WhiteElo "1514"]
[BlackElo "1733"]
[PlyCount "94"]
[EventDate "2019.??.??"]
[SourceDate "2019.09.14"]

1. d4 d5 2. g3 e6 3. Bg2 Nf6 4. Nf3 c5 5. e3 Nc6 6. O-O Be7 7. b3 Bd7 8. Bb2
Rc8 9. c3 O-O 10. Nbd2 cxd4 11. exd4 b5 12. b4 a5 13. a3 Qc7 14. Re1 Bd6 15.
Nb3 Ne4 16. Bf1 Ne7 17. Nc5 Bxc5 18. bxc5 Ng6 19. Qb3 a4 20. Qd1 f5 21. Nd2 Rf6
22. Nxe4 fxe4 23. Bc1 Rcf8 24. Be3 Bc6 25. Rb1 Qa5 26. Rb4 Ne7 27. Qd2 Nf5 28.
Bf4 Nh4 29. Bg2 Nxg2 30. Kxg2 Qd8 31. Rf1 Rg6 32. Kh1 Bd7 33. Qe2 e5 34. dxe5
Bh3 35. Re1 Rxf4 36. Rxb5 Bg4 37. Qb2 Bf3+ 38. Kg1 Qh4 39. Rb8+ Rf8 40. Rb1 Qe7
41. Qb4 Rc6 42. Qxa4 Qxc5 43. Qa8 Rcc8 44. e6 Bg4 45. R1b2 Rxb8 46. Qxb8 Qxc3
47. Qxf8+ Kxf8 0-1

[Event "SV Ibbenbüren 1 - SF Olfen 1"]
[Site "Verbandsliga 2019/2020"]
[Date "2019.09.28"]
[Round "2.7"]
[White "Boenigk, Winfried"]
[Black "Barkia, Sofyen"]
[Result "1-0"]
[WhiteElo "1760"]
[BlackElo "1363"]
[PlyCount "63"]
[EventDate "2019.??.??"]
[SourceDate "2019.09.14"]

1. d4 c5 2. d5 Nf6 3. c4 e6 4. Nc3 g6 5. e4 d6 6. Bd3 Bg7 7. f3 Nh5 8. Be3 Qa5
9. Nge2 Na6 10. g4 Nf6 11. a3 Bd7 12. Bd2 Qd8 13. Qc2 Nc7 14. h4 a6 15. a4 b5
16. a5 b4 17. Na4 Bxa4 18. Rxa4 Nd7 19. f4 Qf6 20. b3 h6 21. Bc1 e5 22. f5 Qe7
23. Ng3 Nf6 24. Qe2 O-O-O 25. g5 hxg5 26. Bxg5 Bh6 27. Qd2 Rh7 28. Bxh6 Ng4 29.
Bg5 f6 30. fxg6 fxg5 31. gxh7 gxh4 32. Nf5 1-0

[Event "SV Ibbenbüren 1 - SF Olfen 1"]
[Site "Verbandsliga 2019/2020"]
[Date "2019.09.28"]
[Round "2.8"]
[White "Klausmeier, Achim"]
[Black "Limberg, Thomas"]
[Result "0-1"]
[WhiteElo "1672"]
[BlackElo "1700"]
[PlyCount "78"]
[EventDate "2019.??.??"]
[SourceDate "2019.09.14"]

1. e4 e6 2. d4 d5 3. exd5 exd5 4. Nf3 Bd6 5. Bd3 Bg4 6. O-O Ne7 7. Nbd2 c6 8.
c3 Qc7 9. Qc2 Nd7 10. a4 c5 11. dxc5 Nxc5 12. Bb5+ Nd7 13. Re1 O-O-O 14. h3 Bh5
15. Nd4 g5 16. Nf5 Nc6 17. Nxd6+ Qxd6 18. Nf1 Kb8 19. Bxc6 Qxc6 20. Bxg5 Rdg8
21. Bf4+ Ka8 22. Ng3 Bg6 23. Qd2 Nc5 24. Rad1 Nd3 25. Rf1 h5 26. Ne2 d4 27. f3
Qf6 28. Bh2 dxc3 29. Qxc3 Qg5 30. Qd2 Qc5+ 31. Kh1 Nf2+ 32. Rxf2 Qxf2 33. Bg3
Qc5 34. b4 Qe7 35. Re1 Rd8 36. Qb2 Qd7 37. a5 Rhe8 38. Qc3 Rc8 39. Qb2 Rc2 0-1